<?xml version="1.0" encoding="UTF-8"?>
<record
    xmlns:xsi="http://www.w3.org/2001/XMLSchema-instance"
    xsi:schemaLocation="http://www.loc.gov/MARC21/slim http://www.loc.gov/standards/marcxml/schema/MARC21slim.xsd"
    xmlns="http://www.loc.gov/MARC21/slim">

  <leader>02837cam a2200349 a 4500</leader>
  <controlfield tag="003">EG-GiCUC</controlfield>
  <controlfield tag="005">20250223031452.0</controlfield>
  <controlfield tag="008">160410s2015    ua dh  f m    000 0 eng d</controlfield>
  <datafield tag="040" ind1=" " ind2=" ">
    <subfield code="a">EG-GiCUC</subfield>
    <subfield code="b">eng</subfield>
    <subfield code="c">EG-GiCUC</subfield>
  </datafield>
  <datafield tag="041" ind1="0" ind2=" ">
    <subfield code="a">eng</subfield>
  </datafield>
  <datafield tag="049" ind1=" " ind2=" ">
    <subfield code="a">Deposite  </subfield>
  </datafield>
  <datafield tag="097" ind1=" " ind2=" ">
    <subfield code="a">M.Sc </subfield>
  </datafield>
  <datafield tag="099" ind1=" " ind2=" ">
    <subfield code="a">Cai01.11.01.M.Sc.2015.Ka.R</subfield>
  </datafield>
  <datafield tag="100" ind1="0" ind2=" ">
    <subfield code="a">Kareem Nagy Abbas Ahmed </subfield>
  </datafield>
  <datafield tag="245" ind1="1" ind2="0">
    <subfield code="a">Role of perioperative transesophageal echocardiography in decision making in cardiac surgery / </subfield>
    <subfield code="c">Kareem Nagy Abbas Ahmed ; Supervised Maged Salah Abdullah , Asser Hussein Manaa , Yasser Mohamed Abdalwahab </subfield>
  </datafield>
  <datafield tag="246" ind1="1" ind2="5">
    <subfield code="a">&#x62F;&#x648;&#x631; &#x62A;&#x62E;&#x637;&#x64A;&#x637; &#x635;&#x62F;&#x649; &#x627;&#x644;&#x642;&#x644;&#x628; &#x639;&#x628;&#x631; &#x627;&#x644;&#x645;&#x631;&#x64A;&#x621; &#x641;&#x64A; &#x627;&#x644;&#x641;&#x62A;&#x631;&#x629; &#x627;&#x644;&#x645;&#x62D;&#x64A;&#x637;&#x629; &#x628;&#x627;&#x644;&#x62C;&#x631;&#x627;&#x62D;&#x629; &#x641;&#x649; &#x639;&#x645;&#x644;&#x64A;&#x629; &#x635;&#x646;&#x639; &#x627;&#x644;&#x642;&#x631;&#x627;&#x631; &#x641;&#x649; &#x62C;&#x631;&#x627;&#x62D;&#x627;&#x62A; &#x627;&#x644;&#x642;&#x644;&#x628; </subfield>
  </datafield>
  <datafield tag="260" ind1=" " ind2=" ">
    <subfield code="a">Cairo : </subfield>
    <subfield code="b">Kareem Nagy Abbas Ahmed  , </subfield>
    <subfield code="c">2015</subfield>
  </datafield>
  <datafield tag="300" ind1=" " ind2=" ">
    <subfield code="a">79 Leaves : </subfield>
    <subfield code="b">charts , facsimiles ; </subfield>
    <subfield code="c">25cm</subfield>
  </datafield>
  <datafield tag="502" ind1=" " ind2=" ">
    <subfield code="a">Thesis (M.Sc.) - Cairo University - Faculty of Medicine - Department of Anesthesia</subfield>
  </datafield>
  <datafield tag="520" ind1=" " ind2=" ">
    <subfield code="a">This study is based on the hypothesis that the routine use of  transesophageal echocardiography in cardiac surgery will influence the  surgical decision taken by the surgeon intraoperative in Kasr Al-Ainy. Study design:  Patients were examined with IOTEE before and after cardiopulmonary bypass. Complete and comprehensive intraoperative TEE examinations will be performed by TEE certified cardiac anesthesiologists. Data that will be collected from the intraoperative  examination will be compared with preoperative transthoracic  echocardiography and the surgical decision that was taken preoperatively  will be revised again with cardiothoracic surgeon before the start of  surgery. Also, TEE will be used again after weaning from bypass for  revision and assessment of our decision.  Results: We examined the utility of TEE in 100 selected patients  undergoing different types of cardiac procedures in Kasr Al-Ainy hospital. This prospective clinical investigation found that the pre- and  post-CPB TEE examinations influenced surgical decision making in 10% of all evaluated patients. Conclusion: Intraoperative TEE has the potential to significantly influence  clinical decision making for cardiac surgical patients. It is useful in  surgical planning, guiding various hemodynamic interventions, and assessing the immediate results of surgery. Thus, IOTEE should be used routinely in all patients undergoing all types of cardiac surgeries   </subfield>
  </datafield>
  <datafield tag="530" ind1=" " ind2=" ">
    <subfield code="a">Issued also as CD</subfield>
  </datafield>
  <datafield tag="653" ind1=" " ind2="4">
    <subfield code="a">AHA </subfield>
  </datafield>
  <datafield tag="653" ind1=" " ind2="4">
    <subfield code="a">IOTEE </subfield>
  </datafield>
  <datafield tag="653" ind1=" " ind2="4">
    <subfield code="a">MHz </subfield>
  </datafield>
  <datafield tag="700" ind1="0" ind2=" ">
    <subfield code="a">Asser Hussein Manaa , </subfield>
    <subfield code="e">Supervisor</subfield>
  </datafield>
  <datafield tag="700" ind1="0" ind2=" ">
    <subfield code="a">Maged Salah Abdullah  , </subfield>
    <subfield code="e">Supervisor</subfield>
  </datafield>
  <datafield tag="700" ind1="0" ind2=" ">
    <subfield code="a">Yasser Mohamed Abdalwahab , </subfield>
    <subfield code="e">Supervisor</subfield>
  </datafield>
  <datafield tag="856" ind1=" " ind2=" ">
    <subfield code="u">http://172.23.153.220/th.pdf</subfield>
  </datafield>
  <datafield tag="905" ind1=" " ind2=" ">
    <subfield code="a">Nazla</subfield>
    <subfield code="e">Revisor</subfield>
  </datafield>
  <datafield tag="905" ind1=" " ind2=" ">
    <subfield code="a">Soheir</subfield>
    <subfield code="e">Cataloger</subfield>
  </datafield>
  <datafield tag="942" ind1=" " ind2=" ">
    <subfield code="2">ddc</subfield>
    <subfield code="c">TH</subfield>
  </datafield>
  <datafield tag="999" ind1=" " ind2=" ">
    <subfield code="c">55928</subfield>
    <subfield code="d">55928</subfield>
  </datafield>
  <datafield tag="952" ind1=" " ind2=" ">
    <subfield code="2">ddc</subfield>
    <subfield code="7">0</subfield>
    <subfield code="a">CUCL</subfield>
    <subfield code="b">cl210</subfield>
    <subfield code="d">2024-02-11</subfield>
    <subfield code="o">Cai01.11.01.M.Sc.2015.Ka.R</subfield>
    <subfield code="p">01010110068522000</subfield>
    <subfield code="r">2023-09-22 00:00:00</subfield>
    <subfield code="y">TH</subfield>
  </datafield>
  <datafield tag="952" ind1=" " ind2=" ">
    <subfield code="2">ddc</subfield>
    <subfield code="7">0</subfield>
    <subfield code="a">CUCL</subfield>
    <subfield code="b">cl2u8</subfield>
    <subfield code="d">2024-02-11</subfield>
    <subfield code="o">Cai01.11.01.M.Sc.2015.Ka.R</subfield>
    <subfield code="p">01020110068522000</subfield>
    <subfield code="r">2023-09-22 00:00:00</subfield>
    <subfield code="t">68522.CD   </subfield>
    <subfield code="y">CD</subfield>
  </datafield>
</record>
